Ako financovať odborné vzdelávanie. 1 Zo štúdie o financovaní stredných škôl na Slovensku

Výňatky zo štúdie holandskej konzultačnej firmy Hobeon Group zameranej na kľúčové metódy financovania odborného vzdelávania a prípravy v systéme stredných škôl na Slovensku. Štúdia je spracovaná v rámci programu PHARE nazvaného Reštrukturalizácia trhu práce. Cieľ štúdie - návrh (pre MŠ SR) rôznych m...

Ausführliche Beschreibung

Gespeichert in:
Bibliographische Detailangaben
1. Verfasser: Krištín, Ján
Format: Buchkapitel
Sprache:Slowakisch
Schlagworte:
Tags: Tag hinzufügen
Keine Tags, Fügen Sie das erste Tag hinzu!

MARC

LEADER 00000naa a2200000 4500
001 r016346
005 20221213114323.0
041 0 |a slo 
044 |a SK 
245 1 0 |a Ako financovať odborné vzdelávanie. 1  |b Zo štúdie o financovaní stredných škôl na Slovensku  |c Ján Krištín 
520 |a Výňatky zo štúdie holandskej konzultačnej firmy Hobeon Group zameranej na kľúčové metódy financovania odborného vzdelávania a prípravy v systéme stredných škôl na Slovensku. Štúdia je spracovaná v rámci programu PHARE nazvaného Reštrukturalizácia trhu práce. Cieľ štúdie - návrh (pre MŠ SR) rôznych možností a alternatívnych zdrojov financovania odborného vzdelávania (štát, občan, firmy). Odporúčania autorov štúdie. 
610 2 0 |a školstvo 
610 2 0 |a školy stredné 
610 2 0 |a Slovensko 
610 2 0 |a financovanie 
100 1 |a Krištín, Ján